Diccionario de Internet y Redes de Microsoft

Bibliographic Details
Main Author: México. Microsoft Corporation
Format: Section = Libro
Language:Undetermined
Spanish
Published: España McGraw-Hill 2003
Subjects:
LEADER 00508nam a2200181Ia 4500
008 240830s9999 xx 000 0 und d
020 |a 84-481-3805-8 
040 |a B-ESTELÍ- RUACS / Ref 005.742 E77 
041 |a spa 
082 |a Ref 005.742 E77 
100 1 |a México. Microsoft Corporation 
245 1 0 |a Diccionario de Internet y Redes de Microsoft 
260 |a España  |b McGraw-Hill  |c 2003 
300 |a 472 p. :il 
650 7 |a DICCIONARIO - INTERNET - REDES 
942 |c BK  |2 ddc 
991 |a TEXTO 
999 |c 11709